[Event "GER-ch Net blitz qual3"]
[Site "Playchess.com INT"]
[Date "2020.03.21"]
[Round "7"]
[White "Marcziter, Dmitrii"]
[Black "Haussler, Daniel"]
[Result "1-0"]
[WhiteElo "2232"]
[BlackElo "1734"]
[PlyCount "127"]
[EventDate "2020.03.21"]
[EventType "swiss (blitz)"]
[EventRounds "9"]
[EventCountry "GER"]
[SourceTitle "CBM 195 Extra"]
[Source "ChessBase"]
[SourceDate "2020.05.31"]
[SourceVersion "1"]
[SourceVersionDate "2020.05.31"]
[SourceQuality "1"]

1. d4 d5 2. c4 c6 3. Nf3 Nf6 4. Nc3 e6 5. Bg5 Be7 6. cxd5 exd5 7. Qc2 0-0 8. e3 h6 9. Bh4 Bg4 10. Ne5 Bh5 11. Bd3 Nbd7 12. f4 Ng4 13. Bf2 Bh4 14. g3 Be7 15. 0-0 c5 16. Bf5 Ndxe5 17. fxe5 Bg5 18. Rae1 Nxf2 19. Rxf2 cxd4 20. exd4 g6 21. Bh3 f5 22. Bg2 Kh7 23. Nxd5 f4 24. Be4 Rc8 25. Qd3 fxg3 26. hxg3 Rxf2 27. Kxf2 Qf8+ 28. Kg1 Qf7 29. Rf1 Qe6 30. Kg2 Bg4 31. Nf6+ Kg7 32. Nxg4 Qxg4 33. Bxg6 Rc7 34. Bf5 Qh5 35. d5 Qe8 36. d6 Rf7 37. Qd5 Qc6 38. Qxc6 bxc6 39. e6 Rf8 40. e7 Bxe7 41. dxe7 Re8 42. Re1 Kf6 43. Bd7 Rxe7 44. Rxe7 Kxe7 45. Bxc6 Kd6 46. Bf3 Ke5 47. Kh3 a5 48. Kg4 Kd4 49. Kh5 Ke3 50. Bd5 Kd4 51. Bf7 Kd3 52. Kxh6 Kc2 53. g4 Kxb2 54. g5 Kc3 55. g6 Kd4 56. g7 Ke5 57. g8Q Kd6 58. Bb3 Kc5 59. Qd8 Kb4 60. Kg5 Ka3 61. Kf4 a4 62. Bxa4 Kxa4 63. Qb8 Ka5 64. Ke5 1-0

[Event "Montreal op U2000"]
[Site "Montreal"]
[Date "2011.09.09"]
[Round "1"]
[White "Haussler, Daniel"]
[Black "Duplessis, Jean Roch"]
[Result "1-0"]
[WhiteElo "1952"]
[BlackElo "1730"]
[PlyCount "81"]
[EventDate "2011.09.09"]
[EventType "swiss"]
[EventRounds "5"]
[EventCountry "CAN"]
[SourceTitle "EXT 2022"]
[Source "ChessBase"]
[SourceDate "2021.10.06"]
[SourceVersion "1"]
[SourceVersionDate "2021.10.06"]
[SourceQuality "1"]

1. d4 e6 2. c4 Bb4+ 3. Bd2 Qe7 4. e3 Nf6 5. Bd3 b6 6. Nf3 0-0 7. 0-0 Bxd2 8. Nbxd2 d5 9. Rc1 c5 10. Ne5 Bb7 11. Bb1 Nbd7 12. f4 Rfc8 13. Qe1 Rc7 14. Qh4 Nf8 15. b3 Rac8 16. Rce1 cxd4 17. exd4 Qb4 18. Rf2 b5 19. Nd3 Qc3 20. f5 bxc4 21. Rc1 Qa5 22. Nc5 Qa3 23. Rcf1 c3 24. Nf3 Rxc5 25. dxc5 Qxc5 26. Kh1 Ne4 27. Bxe4 dxe4 28. Ne1 Ba6 29. fxe6 fxe6 30. b4 Qd6 31. Qxe4 Bxf1 32. Rxf1 e5 33. Nc2 Ne6 34. Qb7 Qc7 35. Qd5 Re8 36. Re1 Kh8 37. Rxe5 Qf7 38. Re1 Rd8 39. Qxe6 Qxe6 40. Rxe6 Rd1+ 41. Re1 1-0